| 000 | 01030nam0a22002531 4500 | ||
|---|---|---|---|
| 001 | v19\rc\2061385 | ||
| 005 | 20260405060802.0 | ||
| 035 | _a(NLR Aleph) 005138145 | ||
| 090 |
_a4775723 _c4775723 |
||
| 100 | _a20081111d1909 |||y0rusy50 ca | ||
| 101 | 0 | _arus | |
| 102 | _aRU | ||
| 105 | _aa z ||||| | ||
| 200 | 1 |
_aЦерковное торжество имеющее быть 3 мая в г. Бресте _e1 мая 1649 года - 1 мая 1909 г. _fСв. Афанасий Филиппович, игумен Брестский |
|
| 210 |
_aГродно _cГуб. тип. _d[1909] |
||
| 215 |
_a4 с. _cил. _d21 |
||
| 309 | _aБез тит. л. и обл. | ||
| 532 | 1 | 1 | _aЦерковное торжество имеющее быть третьего мая в г. Бресте |
| 702 | 0 |
_4570 _8rus _7ca _aАфанасий _cФилиппович _cигумен _fок.1597-1648 _3RU\NLR\AUTH\7719997 _93065 |
|
| 801 | 0 |
_aRU _bNLR _gpsbo |
|
| 801 | 1 |
_aRU _bProSoft-M _2rusmarc |
|
| 852 |
_aNLR _j37.63.8.361 |
||
| 942 | _cBOOK | ||
| 980 | _aNB | ||